[Event "LSS SF-2009-0-00026"]
[Site "LSS email"]
[Date "2009.04.17"]
[Round "?"]
[White "Bruce, Earle"]
[Black "Znak, Nicholas"]
[Result "1-0"]
[WhiteElo "1219"]
[BlackElo "794"]
[PlyCount "97"]
[EventDate "2009.03.21"]
[EventType "tourn (corr)"]
[EventRounds "6"]
[EventCountry "GER"]
[SourceTitle "Corr 2011"]
[Source "ChessBase"]
[SourceDate "2010.08.31"]
[SourceVersion "1"]
[SourceVersionDate "2010.08.31"]
[SourceQuality "1"]

1. Nf3 f5 2. d4 Nf6 3. g3 e6 4. Bg2 Be7 5. 0-0 c6 6. c4 d6 7. Nc3 0-0 8. b3 Na6 9. Re1 Nc7 10. Qc2 Qe8 11. e4 Nxe4 12. Nxe4 fxe4 13. Qxe4 Bf6 14. Rb1 Rb8 15. Ba3 Be7 16. Bb2 Bd7 17. a4 Bf6 18. Qd3 Qf7 19. Re4 d5 20. Rf4 Qe7 21. Ne5 Be8 22. Rf3 Bxe5 23. Rxf8+ Qxf8 24. dxe5 Bg6 25. Qf1 Bxb1 26. Qxb1 Qf7 27. Ba3 d4 28. Bc5 b6 29. Bxd4 c5 30. Be3 Rd8 31. Be4 h6 32. Qe1 Na6 33. Qe2 Nb4 34. Qg4 h5 35. Qg5 Rf8 36. Bg6 Qf3 37. Bxh5 Qe4 38. Bg6 Qf3 39. Qh4 Qd1+ 40. Kg2 Qf3+ 41. Kh3 Ra8 42. Qh7+ Kf8 43. Be4 Qd1 44. Bxa8 Qf1+ 45. Bg2 Qd1 46. Qg6 Qd7 47. Bf3 Nd3 48. Bg4 Nxe5 49. Qxe6 1-0

[Event "LSS SF-2009-0-00026"]
[Site "LSS email"]
[Date "2009.04.17"]
[Round "?"]
[White "Znak, Nicholas"]
[Black "Raines, David T"]
[Result "0-1"]
[WhiteElo "698"]
[BlackElo "1168"]
[PlyCount "60"]
[EventDate "2009.03.21"]
[EventType "tourn (corr)"]
[EventRounds "6"]
[EventCountry "GER"]
[SourceTitle "Corr 2011"]
[Source "ChessBase"]
[SourceDate "2010.08.31"]
[SourceVersion "1"]
[SourceVersionDate "2010.08.31"]
[SourceQuality "1"]

1. e4 c5 2. Nf3 Nc6 3. d4 cxd4 4. Nxd4 e6 5. a3 a6 6. Be3 Qc7 7. Nc3 Nf6 8. Be2 Be7 9. Qd2 Nxd4 10. Qxd4 d6 11. 0-0 0-0 12. Qd2 b5 13. Bd3 Bb7 14. Qe2 Rac8 15. f3 Rfd8 16. Qf2 Nd7 17. Rac1 Re8 18. Ne2 Nc5 19. Bxc5 dxc5 20. c4 Red8 21. Rfd1 b4 22. Kh1 a5 23. axb4 cxb4 24. b3 Bc5 25. Qg3 Qb6 26. Bc2 Ba6 27. Qg4 g6 28. Rxd8+ Rxd8 29. Rd1 Rxd1+ 30. Bxd1 Qd6 0-1

[Event "LSS SF-2009-0-00026"]
[Site "LSS email"]
[Date "2009.04.17"]
[Round "?"]
[White "Znak, Nicholas"]
[Black "Ruchay, Joachim"]
[Result "1-0"]
[WhiteElo "827"]
[BlackElo "732"]
[PlyCount "63"]
[EventDate "2009.03.21"]
[EventType "tourn (corr)"]
[EventRounds "6"]
[EventCountry "GER"]
[SourceTitle "Telechess CBM 147"]
[Source "ChessBase"]
[SourceDate "2012.03.16"]
[SourceVersion "1"]
[SourceVersionDate "2012.03.16"]
[SourceQuality "1"]

1. e4 e6 2. d4 d5 3. Nc3 Bb4 4. e5 c5 5. a3 cxd4 6. Qxd4 Bxc3+ 7. Qxc3 Nc6 8. f4 Nge7 9. Nf3 Bd7 10. Nd4 Rc8 11. Nxc6 Nxc6 12. Qg3 Rg8 13. Bd3 g6 14. Bd2 Qb6 15. Rb1 Na5 16. Be3 Qc7 17. 0-0 b6 18. b3 Nb7 19. f5 Nc5 20. fxg6 hxg6 21. Qf3 Bc6 22. Bxc5 bxc5 23. Qf4 Qe7 24. b4 c4 25. Be2 Rh8 26. c3 Rh7 27. Qf6 Qxf6 28. Rxf6 Ke7 29. b5 Ba8 30. Bf3 Rch8 31. h3 Rb8 32. a4 1-0

[Event "LSS RN-2009-0-00204"]
[Site "LSS email"]
[Date "2009.04.11"]
[Round "?"]
[White "Serra, Jose Carlos Araujo"]
[Black "Znak, Nicholas"]
[Result "1-0"]
[WhiteElo "806"]
[BlackElo "698"]
[PlyCount "97"]
[EventDate "2009.03.23"]
[EventType "tourn (corr)"]
[EventRounds "6"]
[EventCountry "GER"]
[SourceTitle "Corr 2011"]
[Source "ChessBase"]
[SourceDate "2010.08.31"]
[SourceVersion "1"]
[SourceVersionDate "2010.08.31"]
[SourceQuality "1"]

1. e4 e5 2. Nf3 Nc6 3. Bc4 Nf6 4. d4 exd4 5. 0-0 Bc5 6. e5 Ng4 7. Bf4 d5 8. exd6 cxd6 9. Re1+ Ne7 10. h3 Nf6 11. Nxd4 0-0 12. c3 d5 13. Bd3 Nc6 14. Be3 Bxd4 15. Bxd4 Nxd4 16. cxd4 Be6 17. Nc3 a6 18. Rc1 Rc8 19. Ne2 Qb6 20. b3 g6 21. Qd2 Kg7 22. Qg5 Rc6 23. Qe5 Re8 24. Qf4 Rec8 25. g4 Qd8 26. g5 Nd7 27. h4 Qc7 28. Rxc6 Qxf4 29. Nxf4 Rxc6 30. Kg2 Nf8 31. Be2 Rc2 32. a4 Rb2 33. Bd1 Rd2 34. Nxe6+ Nxe6 35. Bf3 Rxd4 36. Re3 Rxh4 37. Bxd5 Nxg5 38. Bxb7 Rg4+ 39. Kf1 h5 40. Rg3 f5 41. Rxg4 fxg4 42. Bxa6 h4 43. Be2 Nf3 44. Bxf3 gxf3 45. a5 h3 46. Kg1 g5 47. a6 g4 48. a7 g3 49. a8Q 1-0

[Event "LSS RN-2009-0-00203"]
[Site "LSS email"]
[Date "2009.04.06"]
[Round "?"]
[White "Znak, Nicholas"]
[Black "Lanier, Jeff"]
[Result "0-1"]
[WhiteElo "794"]
[BlackElo "724"]
[PlyCount "64"]
[EventDate "2009.03.20"]
[EventType "tourn (corr)"]
[EventRounds "6"]
[EventCountry "GER"]
[SourceTitle "Corr 2011"]
[Source "ChessBase"]
[SourceDate "2010.08.31"]
[SourceVersion "1"]
[SourceVersionDate "2010.08.31"]
[SourceQuality "1"]

1. e4 e5 2. Nf3 d6 3. d4 exd4 4. Nxd4 h6 5. Nc3 Nf6 6. Bc4 Be7 7. 0-0 0-0 8. Re1 Bd7 9. Nf5 Nc6 10. Nxe7+ Nxe7 11. Qf3 a6 12. Ne2 Bc6 13. Ng3 d5 14. exd5 Nexd5 15. Qb3 b5 16. Bxd5 Bxd5 17. Qb4 Re8 18. b3 Rxe1+ 19. Nf1 Qe8 20. Bb2 Rxa1 21. Bxa1 Qe4 22. Qxe4 Bxe4 23. c4 Bb1 24. a3 bxc4 25. bxc4 c5 26. f4 Ba2 27. Nd2 Rd8 28. Bc3 Rd3 29. Ba5 Rxa3 30. Bb6 Nd7 31. Bc7 Rd3 32. Nf3 Bxc4 0-1

[Event "LSS RN-2009-0-00201"]
[Site "LSS email"]
[Date "2009.03.28"]
[Round "?"]
[White "Vontina, Maria"]
[Black "Znak, Nicholas"]
[Result "1/2-1/2"]
[WhiteElo "649"]
[BlackElo "794"]
[PlyCount "100"]
[EventDate "2009.03.13"]
[EventType "tourn (corr)"]
[EventRounds "6"]
[EventCountry "GER"]
[SourceTitle "Corr 2011"]
[Source "ChessBase"]
[SourceDate "2010.08.31"]
[SourceVersion "1"]
[SourceVersionDate "2010.08.31"]
[SourceQuality "1"]

1. d4 d5 2. c4 dxc4 3. Nc3 Nf6 4. e4 e6 5. Bxc4 Be7 6. Nge2 b6 7. f3 Bb7 8. 0-0 0-0 9. Bg5 h6 10. Bh4 Nh7 11. Bg3 Ba6 12. Bxa6 Nxa6 13. a3 Rc8 14. Rc1 c5 15. dxc5 Nxc5 16. Qxd8 Rfxd8 17. Rfd1 Bg5 18. Rb1 Nf6 19. Kf1 Be3 20. Bf2 Bxf2 21. Kxf2 a6 22. Nf4 g5 23. Nfe2 Kg7 24. Ng3 Nb3 25. Ke2 Kg6 26. Rxd8 Rxd8 27. Rd1 Rxd1 28. Kxd1 h5 29. Kc2 Nc5 30. b4 Nb7 31. Kd3 h4 32. Nge2 e5 33. Na4 b5 34. Nb6 Ne8 35. Nc3 f6 36. a4 Nc7 37. axb5 Nxb5 38. Kc4 Nxc3 39. Kxc3 Nd6 40. Nd7 f5 41. exf5+ Kxf5 42. Nc5 Nb5+ 43. Kd3 g4 44. fxg4+ Kxg4 45. Nxa6 Kf4 46. Nc5 Nd6 47. Ne6+ Kf5 48. Nc5 Kf4 49. Ne6+ Kf5 50. Nc5 Kf4 1/2-1/2

[Event "LSS RN-2009-0-00201"]
[Site "LSS email"]
[Date "2009.03.28"]
[Round "?"]
[White "Yangibayev, Rustam"]
[Black "Znak, Nicholas"]
[Result "1-0"]
[WhiteElo "852"]
[BlackElo "794"]
[PlyCount "87"]
[EventDate "2009.03.13"]
[EventType "tourn (corr)"]
[EventRounds "6"]
[EventCountry "GER"]
[SourceTitle "Corr 2011"]
[Source "ChessBase"]
[SourceDate "2010.08.31"]
[SourceVersion "1"]
[SourceVersionDate "2010.08.31"]
[SourceQuality "1"]

1. d4 d5 2. Nf3 c5 3. dxc5 Nf6 4. b4 Nc6 5. a3 g6 6. Bb2 Bg7 7. Nbd2 e6 8. e3 0-0 9. Bd3 b6 10. cxb6 axb6 11. 0-0 Qc7 12. h3 Ne8 13. Bxg7 Nxg7 14. Ng5 h6 15. Ngf3 e5 16. Be2 Re8 17. c3 Ne7 18. Qc2 Bf5 19. Qb2 Rec8 20. Rfc1 Nc6 21. c4 Qd8 22. Nxe5 dxc4 23. Ndxc4 Nxe5 24. Nxe5 Be6 25. Bf3 Rxc1+ 26. Rxc1 Rc8 27. Bc6 Nf5 28. b5 Ne7 29. Bb7 Rb8 30. Nc6 Nxc6 31. bxc6 Qc7 32. a4 Rxb7 33. cxb7 Qxb7 34. a5 b5 35. Ra1 Qa6 36. Qd4 Bc8 37. Qb6 Kf8 38. Qd8+ Kg7 39. Rc1 Bb7 40. Qb6 Qxb6 41. axb6 b4 42. Rc7 b3 43. Rc4 Bd5 44. Rb4 1-0

[Event "LSS RN-2009-0-00201"]
[Site "LSS email"]
[Date "2009.03.28"]
[Round "?"]
[White "Znak, Nicholas"]
[Black "Bester, Kazimierz"]
[Result "1-0"]
[WhiteElo "794"]
[BlackElo "900"]
[PlyCount "107"]
[EventDate "2009.03.13"]
[EventType "tourn (corr)"]
[EventRounds "6"]
[EventCountry "GER"]
[SourceTitle "Corr 2011"]
[Source "ChessBase"]
[SourceDate "2010.08.31"]
[SourceVersion "1"]
[SourceVersionDate "2010.08.31"]
[SourceQuality "1"]

1. e4 c5 2. Nf3 a6 3. d4 cxd4 4. Nxd4 d6 5. Nc3 Nf6 6. Be2 e5 7. Nf3 Be7 8. 0-0 0-0 9. h3 Nbd7 10. Be3 Kh8 11. Bd3 Ng8 12. Nd5 Nc5 13. Bxc5 dxc5 14. Qe2 Bd6 15. c4 Re8 16. Qd2 Re6 17. Rfe1 Rg6 18. Kf1 Bxh3 19. gxh3 Qd7 20. h4 Qh3+ 21. Ke2 Nh6 22. Rh1 Qe6 23. Rag1 Rxg1 24. Rxg1 f6 25. Kd1 Qh3 26. Rg3 Qh1+ 27. Kc2 Rb8 28. Qe1 Qxe1 29. Nxe1 b5 30. b3 b4 31. Ng2 a5 32. h5 Rg8 33. f4 Nf7 34. fxe5 Bxe5 35. Ngf4 Ng5 36. Rg2 Nf3 37. Kd1 Rd8 38. Ne6 Rd7 39. Nxc5 Rd6 40. Rf2 Ng5 41. Ke2 Nh3 42. Rf1 Bd4 43. Nb7 Rd7 44. c5 Rxb7 45. c6 Rb8 46. Rc1 Nf4+ 47. Nxf4 Rc8 48. Nd5 h6 49. c7 Be5 50. Ba6 Rxc7 51. Nxc7 Bxc7 52. Rxc7 Kg8 53. Kf3 Kf8 54. Kf4 1-0

[Event "LSS RN-2009-0-00199"]
[Site "LSS email"]
[Date "2009.03.21"]
[Round "?"]
[White "Mori, Roberto"]
[Black "Znak, Nicholas"]
[Result "0-1"]
[WhiteElo "608"]
[BlackElo "794"]
[PlyCount "106"]
[EventDate "2009.03.06"]
[EventType "tourn (corr)"]
[EventRounds "6"]
[EventCountry "GER"]
[SourceTitle "Corr 2011"]
[Source "ChessBase"]
[SourceDate "2010.08.31"]
[SourceVersion "1"]
[SourceVersionDate "2010.08.31"]
[SourceQuality "1"]

1. e4 c5 2. Nf3 e6 3. d4 cxd4 4. Nxd4 Nf6 5. Nc3 Bb4 6. Bd2 Bxc3 7. Bxc3 Nc6 8. Bd3 d5 9. exd5 Nxd5 10. Nxc6 bxc6 11. 0-0 Nxc3 12. bxc3 Qc7 13. Re1 0-0 14. Qh5 f5 15. g4 Qf7 16. Qh4 Qf6 17. Qh3 h6 18. f3 fxg4 19. fxg4 Qf2+ 20. Kh1 Qc5 21. Be4 Bd7 22. Qd3 Rad8 23. Rg1 Bc8 24. Qg3 Ba6 25. Bd3 Bxd3 26. cxd3 Qd5+ 27. Rg2 Rf3 28. Qe1 Rdf8 29. Qe4 Rxd3 30. Qe2 Rxc3 31. Rd1 Qb5 32. Qxe6+ Kh8 33. Qe1 Rd3 34. Rxd3 Qxd3 35. Rf2 Rd8 36. Kg2 c5 37. Qe2 Qd5+ 38. Kg1 c4 39. Rf5 Qd4+ 40. Qf2 Qa1+ 41. Kg2 Qb1 42. Rf8+ Rxf8 43. Qxf8+ Kh7 44. Qa3 Qc2+ 45. Kf3 c3 46. Qc5 Qd3+ 47. Qe3 Qd5+ 48. Ke2 Qxa2+ 49. Kf3 Qd5+ 50. Ke2 Qd2+ 51. Qxd2 cxd2 52. Kxd2 Kg6 53. Ke3 Kg5 0-1